Statistics for Fictional characters A-Z

Click here to take the quiz!

General Stats

  • This quiz has been taken 132 times
  • The average score is 16 of 26

Answer Stats

LetterHintAnswer% Correct
BThe Dark KnightBatman
93%
DDisney's duck; "Oh boy, oh boy".Donald Duck
91%
NDisney's missing fish.Nemo
89%
FDC's super-speed powered hero.Flash
87%
WDisney cowboy toy, voiced by Tom Hanks.Woody
86%
LStarwars character, son of Anakin.Luke Skywalker
84%
SWho lives in a pineapple under the sea?Spongebob
84%
AMarvel hero with ability to shrink and grow.Ant-Man
80%
IMarvel billionaire uses his wealth to become a hero.Iron man
78%
MSimpson's family babyMaggie
77%
QVillain of Alice's Wonderland.Queen of Hearts
74%
OTransformerOptimus Prime
73%
PCounterpart of Ferb.Phineas
71%
H"You're a wizard Harry"Hagrid
70%
YNintendo's green, egg laying dinosaur.Yoshi
67%
EDisney's depressed donkey.Eeyore
66%
ZPrincess kidnapped by Ganondorf.Zelda
63%
GPopular archer from DC comics. Series runs on the CW.Green Arrow
59%
CThe video game bandicoot.Crash
52%
KDropped off a cliff by ScarKing Mufasa
45%
XEditor of the Quibbler in the world of Harry Potter.Xenophilius Lovegood
29%
TCat living in New York that hangs out with "The Gang".Topcat
22%
VSEGA's crocodile from the Sonic series.Vector
17%
RBeano's expert task avoider.Roger the Dodger
7%
JPrivate investigator, who always knows the time.Jack Reacher
3%
UWannabe writer from New York who has trouble fitting in.Ugly Betty
1%

Score Distribution

Percentile by Number Answered

Percent of People with Each Score

Your Score History

You have not taken this quiz